UBT Library

The pill book / (Record no. 39971)

000 -LEADER
fixed length control field 00827cam a22002657a 4500
001 - CONTROL NUMBER
control field 15735197
003 - CONTROL NUMBER IDENTIFIER
control field OSt
005 - DATE AND TIME OF LATEST TRANSACTION
control field 20180109091644.0
008 - FIXED-LENGTH DATA ELEMENTS--GENERAL INFORMATION
fixed length control field 090512s2008 nyuaf cd 001 0 eng d
010 ## - LIBRARY OF CONGRESS CONTROL NUMBER
LC control number 2009285805
020 ## - INTERNATIONAL STANDARD BOOK NUMBER
International Standard Book Number 0553588923 (pbk.)
020 ## - INTERNATIONAL STANDARD BOOK NUMBER
International Standard Book Number 0553383922 (pbk.)
035 ## - SYSTEM CONTROL NUMBER
System control number (OCoLC)ocn226388667
040 ## - CATALOGING SOURCE
Original cataloging agency VPW
Transcribing agency VPW
Modifying agency BAKER
-- YDXCP
-- JRZ
-- CGU
-- DLC
041 ## - LANGUAGE CODE
Language code of text/sound track or separate title eng
042 ## - AUTHENTICATION CODE
Authentication code lccopycat
080 ## - UNIVERSAL DECIMAL CLASSIFICATION NUMBER
Universal Decimal Classification number 615.1
082 04 - DEWEY DECIMAL CLASSIFICATION NUMBER
Classification number 615.1 SIL
100 ## - Rafti
Rafti 5
101 ## - Shkurtesa
Shkurtesa shf
245 04 - TITLE STATEMENT
Title The pill book /
Statement of responsibility, etc editor-in-chief, Harold M. Silverman.
906 ## - LOCAL DATA ELEMENT F, LDF (RLIN)
a 7
b cbc
c copycat
d 2
e ncip
f 20
g y-gencatlg
942 ## - ADDED ENTRY ELEMENTS (KOHA)
Source of classification or shelving scheme
Item type Books
Holdings
Withdrawn status Lost status Source of classification or shelving scheme Damaged status Not for loan Collection code Permanent location Current location Shelving location Date acquired Total Checkouts Full call number Barcode Date last seen Price effective from Koha item type
          Koleksioni i përgjithshem UBT - Lipjan UBT - Lipjan Koleksioni i përgjithshem 01/09/2018   615.1 SIL 002-2995177 01/09/2018 01/09/2018 Books
UBT Library © 2015-2024. All rights reserved University Education for Business and Technology